Já Michel de Montaigne / Józef Hen ; [z polského originálu ... přeložila Helena Stachová ; odbornou revizi provedla a doslovem a chronologickým přehledem opatřila Alena Hartmanová ; obrazový materiál vybrala Jitka Kostková ; obálku, vazbu a grafickou úpravu navrhl Jan Solpera]
Record details
- ISBN: 80-207-0212-1
- Physical Description: 296 s., [32] s. obr. příl. ; 21 cm
- Edition: 1. vyd.
- Publisher: Praha : Odeon, 1990
Content descriptions
| General Note: | Pozn. 5500 výt. Chronologický přehled |
| Bibliography, etc. Note: | Obsahuje bibliografické odkazy |
Search for related items by subject
| Subject: | Montaigne, Michel de, 1533-1592 francouzská filozofie filozofové > Francie > 16. století |
| Genre: | monografie |
Search for related items by series
Available copies
- 1 of 1 copy available at Common Catalog SPOK.
Holds
- 0 current holds with 1 total copy.
Show Only Available Copies
| Location | Call Number / Copy Notes | Barcode | Shelving Location | Status | Due Date |
|---|---|---|---|---|---|
| Jabok Library | BL-1/He | 424480039286 | Beletrie | Available | - |
| LDR | 01811nam a2200457 a 4500 | ||
|---|---|---|---|
| 001 | 31529 | ||
| 003 | CZ-PrJAB | ||
| 005 | 20220331151009.0 | ||
| 007 | ta | ||
| 008 | 901218s1990 xr e | u000 0 cze | ||
| 015 | . | ‡acnb000056684 | |
| 020 | . | ‡a80-207-0212-1 ‡q(váz.) : ‡cKčs 39,00 | |
| 035 | . | ‡a(CZ PrNK)ck9006658 | |
| 035 | . | ‡a(OCoLC)39425520 | |
| 040 | . | ‡aABA001 ‡bcze ‡dABA001 | |
| 041 | 1 | . | ‡acze ‡hpol |
| 072 | 7. | ‡a14 ‡xFilozofické systémy a hlediska ‡2Konspekt ‡95 | |
| 080 | . | ‡a14(44) ‡2MRF | |
| 080 | . | ‡a929 ‡2MRF | |
| 080 | . | ‡a(048.8) ‡2MRF | |
| 100 | 1 | . | ‡aHen, Józef, ‡d1923- ‡7jn20011018362 ‡4aut |
| 245 | 1 | 0. | ‡aJá Michel de Montaigne / ‡cJózef Hen ; [z polského originálu ... přeložila Helena Stachová ; odbornou revizi provedla a doslovem a chronologickým přehledem opatřila Alena Hartmanová ; obrazový materiál vybrala Jitka Kostková ; obálku, vazbu a grafickou úpravu navrhl Jan Solpera] |
| 250 | . | ‡a1. vyd. | |
| 260 | . | ‡aPraha : ‡bOdeon, ‡c1990 ‡f(Mír) | |
| 300 | . | ‡a296 s., [32] s. obr. příl. ; ‡c21 cm | |
| 490 | 1 | . | ‡aŽivot a umění ; ‡vsv. 53 |
| 500 | . | ‡aPozn. | |
| 500 | . | ‡a5500 výt. | |
| 500 | . | ‡aChronologický přehled | |
| 504 | . | ‡aObsahuje bibliografické odkazy | |
| 600 | 1 | 7. | ‡aMontaigne, Michel de, ‡d1533-1592 ‡7jn19990005794 ‡2czenas |
| 650 | 0 | 7. | ‡afrancouzská filozofie ‡7ph120359 ‡2czenas |
| 650 | 0 | 7. | ‡afilozofové ‡7ph117191 ‡zFrancie ‡y16. století ‡2czenas |
| 655 | 7. | ‡amonografie ‡7fd132842 ‡2czenas | |
| 700 | 1 | . | ‡aHartmanová, Alena, ‡d1925-2006 ‡7jk01040068 ‡4aft |
| 700 | 1 | . | ‡aStachová, Helena, ‡d1931- ‡7jk01120815 ‡4trl |
| 765 | 0 | . | ‡tJa, Michał z Montaigne ‡9Česky |
| 830 | 0. | ‡aŽivot a umění (Odeon) | |
| 910 | . | ‡aABG312 | |
| 995 | . | ‡aska | |
| 901 | . | ‡a31529 ‡b ‡c31529 ‡tbiblio | |